UM Logo

Sex Ratio Analysis of Elementary And Secondary Public Schools in the Philippines (Record no. 6396)

MARC details
000 -LEADER
fixed length control field 00628nam a22001577a 4500
008 - FIXED-LENGTH DATA ELEMENTS--GENERAL INFORMATION
fixed length control field 170309b xxu||||| |||| 00| 0 eng d
082 ## - DEWEY DECIMAL CLASSIFICATION NUMBER
Edition number 2016
Classification number UT 0716
Item number Al14
100 ## - MAIN ENTRY--PERSONAL NAME
9 (RLIN) 19301
Personal name Albiar, Rutchelle M.
245 ## - TITLE STATEMENT
Title Sex Ratio Analysis of Elementary And Secondary Public Schools in the Philippines
Statement of responsibility, etc. Rutchelle M. Albiar, Reynaldo A. Gonzales Jr. and Cristine MAe P. Villarba.
300 ## - PHYSICAL DESCRIPTION
Extent 62 page;
Other physical details 29 cm.
650 #0 - SUBJECT ADDED ENTRY--TOPICAL TERM
9 (RLIN) 19302
Topical term or geographic name as entry element Education
Form subdivision Mathematics
General subdivision Undergraduate Thesis.
700 ## - ADDED ENTRY--PERSONAL NAME
9 (RLIN) 19303
Personal name Albiar, Rutchelle M.
700 ## - ADDED ENTRY--PERSONAL NAME
9 (RLIN) 19304
Personal name Gonzales, Reynaldo A. Jr.
700 ## - ADDED ENTRY--PERSONAL NAME
9 (RLIN) 19305
Personal name Villarba, Cristine Mae P.
942 ## - ADDED ENTRY ELEMENTS (KOHA)
Source of classification or shelving scheme Dewey Decimal Classification
Koha item type Undergraduate Thesis
Holdings
Withdrawn status Lost status Source of classification or shelving scheme Damaged status Not for loan Home library Current library Date acquired Total Checkouts Full call number Barcode Date last seen Copy number Price effective from Koha item type
    Dewey Decimal Classification     UM Digos College - LIC UM Digos College - LIC 11/07/2016   UT 0716 Al14 2016 UT0716 03/09/2017 1 03/09/2017 Undergraduate Thesis
    Dewey Decimal Classification     UM Digos College - LIC UM Digos College - LIC 02/27/2017   UT 0765 Al14 2016 UT0765 04/25/2017 2 04/25/2017 Undergraduate Thesis